[Event "SLO-ch U10"]
[Site "Postojna"]
[Date "2008.02.29"]
[Round "8"]
[White "Jarc, Jakob"]
[Black "Podvrsnik, Zan"]
[Result "1-0"]
[WhiteElo "1500"]
[BlackElo "1500"]
[PlyCount "85"]
[EventDate "2008.02.24"]
[EventType "swiss"]
[EventRounds "9"]
[EventCountry "SLO"]
[SourceTitle "EXT 2010"]
[Source "ChessBase"]
[SourceDate "2010.11.25"]
[SourceVersion "1"]
[SourceVersionDate "2010.11.25"]
[SourceQuality "1"]

1. f4 Nf6 2. Nf3 d5 3. d4 Bd7 4. e3 e6 5. c4 Bd6 6. Nc3 0-0 7. Bd3 Re8 8. c5 Be7 9. 0-0 b6 10. cxb6 axb6 11. Ne5 c5 12. Nxd7 Nbxd7 13. dxc5 bxc5 14. Bb5 c4 15. Bxd7 Qxd7 16. Re1 Bc5 17. Kh1 Ng4 18. Qxg4 Rad8 19. Rd1 Qe7 20. Qg5 f6 21. Qg3 e5 22. fxe5 fxe5 23. Na4 Bb4 24. a3 Ba5 25. b4 cxb3 26. Bd2 Bxd2 27. Rxd2 Rf8 28. Rf2 Rxf2 29. Qxf2 Rf8 30. Qd2 Qf6 31. h3 e4 32. Rb1 Qa6 33. Nc5 Qa8 34. Nxb3 Rb8 35. Qa2 Qa4 36. Nc5 Rxb1+ 37. Qxb1 Qxa3 38. Qb8+ Kf7 39. Qc7+ Kf6 40. Qf4+ Ke7 41. Qe5+ Kf7 42. Qe6+ Kf8 43. Nd7# 1-0

[Event "SLO-ch U10"]
[Site "Postojna"]
[Date "2008.02.28"]
[Round "7"]
[White "Podvrsnik, Zan"]
[Black "Ramadani, Sarah"]
[Result "0-1"]
[WhiteElo "1500"]
[BlackElo "1500"]
[PlyCount "60"]
[EventDate "2008.02.24"]
[EventType "swiss"]
[EventRounds "9"]
[EventCountry "SLO"]
[SourceTitle "EXT 2010"]
[Source "ChessBase"]
[SourceDate "2010.11.25"]
[SourceVersion "1"]
[SourceVersionDate "2010.11.25"]
[SourceQuality "1"]

1. e4 c5 2. Nf3 d6 3. d4 cxd4 4. Nxd4 Nf6 5. Nc3 a6 6. Be2 e6 7. Bg5 Be7 8. 0-0 0-0 9. Qd2 Bd7 10. Rad1 b5 11. a3 h6 12. Bh4 Nxe4 13. Qf4 Nxc3 14. Bxe7 Nxe2+ 15. Nxe2 Qxe7 16. Rxd6 Nc6 17. Rfd1 Rfd8 18. Ng3 Ra7 19. Qg4 Rc7 20. Nh5 Qg5 21. Qxg5 hxg5 22. Ng3 Ne5 23. Ne4 Rxc2 24. Rxa6 Rdc8 25. Nxg5 Rc1 26. Rf1 Nd3 27. Rd6 Nf4 28. Rd2 Rxf1+ 29. Kxf1 Rc1+ 30. Rd1 Rxd1# 0-1